Development of Investment Activities of Commercial Insurance Companies in Slovak, Czech and Austrian Insurance Markets in 2004-2009

Charakteristika investičných aktivít komerčných poisťovacích spoločností na slovenskom poistnom trhu. Charakteristika investičných aktivít komerčných poisťovacích spoločností v Českej republike. Charakteristika investičných aktivít komerčných poisťovní na rakúskom poistnom trhu. Testovanie existenci...

Descrizione completa

Salvato in:
Dettagli Bibliografici
Autore principale: Meheš, Marek
Altri autori: Bričová, Zuzana
Natura: Capitolo di libro
Lingua:inglese
Soggetti:
Tags: Aggiungi Tag
Nessun Tag, puoi essere il primo ad aggiungerne!!

MARC

LEADER 00000naa a2200000 4500
001 0144590
005 20240605071347.9
041 0 |a eng 
044 |a CZ 
245 1 0 |a Development of Investment Activities of Commercial Insurance Companies in Slovak, Czech and Austrian Insurance Markets in 2004-2009  |c Marek Meheš, Zuzana Bričová 
520 |a Charakteristika investičných aktivít komerčných poisťovacích spoločností na slovenskom poistnom trhu. Charakteristika investičných aktivít komerčných poisťovacích spoločností v Českej republike. Charakteristika investičných aktivít komerčných poisťovní na rakúskom poistnom trhu. Testovanie existencie vzťahu medzi technickými rezervami a investíciami komerčných poisťovní. 
610 2 0 |a poistenie 
610 2 0 |a rezervy technické 
610 2 0 |a trh poistný 
610 2 0 |a investovanie 
610 2 0 |a Slovensko 
610 2 0 |a Česko 
610 2 0 |a Rakúsko 
100 1 |a Meheš, Marek 
700 1 |a Bričová, Zuzana